Biggest Cities in Georgia in 1950 - Statistics

General Stats
  • This quiz has been taken 74 times
  • The average score is 12 of 20
Answer Stats
Population County Answer % Correct
331,314 Fulton Atlanta
100%
70,252 Bibb Macon
100%
119,638 Chatham Savannah
100%
71,508 Richmond Augusta
98%
79,611 Muscogee Columbus
98%
28,180 Clarke Athens
88%
20,046 Lowndes Valdosta
75%
31,155 Dougherty Albany
67%
29,615 Floyd Rome
67%
20,687 Cobb Marietta
65%
15,968 Whitfield Dalton
63%
17,954 Glynn Brunswick
44%
21,635 DeKalb Decatur
44%
11,936 Hall Gainesville
42%
25,025 Troup LaGrange
38%
14,535 Fulton College Park
27%
21,080 Fulton East Point
25%
14,424 Thomas Thomasville
25%
18,899 Ware Waycross
25%
13,982 Spalding Griffin
17%
No matching quizzes found
Score Distribution
Percent of People with Each Score
Percentile by Number Answered
Your Score History
You have not taken this quiz